Texas County Seats - Statistics

General Stats
  • This quiz has been taken 144 times
  • The average score is 85 of 254
Answer Stats
County County Seats % Correct
El Paso El Paso
91%
Dallas Dallas
85%
Bexar San Antonio
85%
Travis Austin
82%
Cameron Brownsville
82%
Harris Houston
82%
Midland Midland
82%
Lubbock Lubbock
79%
McLennan Waco
79%
Potter Amarillo
76%
Denton Denton
76%
Smith Tyler
76%
Tarrant Fort Worth
73%
Galveston Galveston
73%
Ector Odessa
73%
Bastrop Bastrop
70%
Taylor Abilene
64%
Andrews Andrews
64%
Childress Childress
64%
Kaufman Kaufman
64%
Lampasas Lampasas
64%
Webb Laredo
64%
Collin McKinney
64%
Bandera Bandera
61%
Jefferson Beaumont
61%
Nueces Corpus Christi
61%
Llano Llano
61%
Nacogdoches Nacogdoches
61%
Uvalde Uvalde
61%
Bee Beeville
58%
Brazos Bryan
58%
Kerr Kerrville
58%
Comal New Braunfels
58%
Rockwall Rockwall
58%
Tom Green San Angelo
58%
Wichita Wichita Falls
58%
Reeves Pecos
55%
Dallam Dalhart
52%
Cooke Gainesville
52%
Gregg Longview
52%
Angelina Lufkin
52%
Mason Mason
52%
Calhoun Port Lavaca
52%
Brewster Alpine
48%
Val Verde Del Rio
48%
Liberty Liberty
48%
Menard Menard
48%
Hays San Marcos
48%
San Saba San Saba
48%
Victoria Victoria
48%
Austin Bellville
45%
Burnet Burnet
45%
Comanche Comanche
45%
Houston Crockett
45%
Dickens Dickens
45%
Gillespie Fredericksburg
45%
Jasper Jasper
45%
Bowie New Boston
45%
Lamar Paris
45%
Ochiltree Perryton
45%
Bell Belton
42%
Brown Brownwood
42%
Randall Canyon
42%
Montgomery Conroe
42%
Maverick Eagle Pass
42%
Rusk Henderson
42%
Loving Mentone
42%
San Augustine San Augustine
42%
Ellis Waxahachie
42%
Archer Archer City
39%
Howard Big Spring
39%
Burleson Caldwell
39%
Mitchell Colorado City
39%
Eastland Eastland
39%
Williamson Georgetown
39%
Sabine Hemphill
39%
Lipscomb Lipscomb
39%
Madison Madisonville
39%
Anderson Palestine
39%
Cherokee Rusk
39%
Erath Stephenville
39%
Brazoria Angleton
36%
Crane Crane
36%
Castro Dimmitt
36%
Goliad Goliad
36%
Gonzales Gonzales
36%
Marion Jefferson
36%
Blanco Johnson City
36%
Dawson Lamesa
36%
Cass Linden
36%
Presidio Marfa
36%
Crockett Ozona
36%
Aransas Rockport
36%
Hopkins Sulphur Springs
36%
Matagorda Bay City
33%
McCulloch Brady
33%
Hemphill Canadian
33%
Crosby Crosbyton
33%
Moore Dumas
33%
Deaf Smith Hereford
33%
Kleberg Kingsville
33%
Harrison Marshall
33%
Bosque Meridian
33%
Orange Orange
33%
Grayson Sherman
33%
Throckmorton Throckmorton
33%
Culberson Van Horn
33%
Wharton Wharton
33%
Jim Wells Alice
30%
Chambers Anahuac
30%
Grimes Anderson
30%
Shelby Center
30%
Coleman Coleman
30%
La Salle Cotulla
30%
DeWitt Cuero
30%
Hidalgo Edinburg
30%
Floyd Floydada
30%
Mills Goldthwaite
30%
Hunt Greenville
30%
Hamilton Hamilton
30%
Hill Hillsboro
30%
Medina Hondo
30%
Atascosa Jourdanton
30%
Karnes Karnes City
30%
Caldwell Lockhart
30%
Titus Mount Pleasant
30%
Bailey Muleshoe
30%
Newton Newton
30%
Camp Pittsburg
30%
Refugio Refugio
30%
Parker Weatherford
30%
Zapata Zapata
30%
Henderson Athens
27%
Milam Cameron
27%
Navarro Corsicana
27%
Pecos Fort Stockton
27%
King Guthrie
27%
Walker Huntsville
27%
Winkler Kermit
27%
Lamb Littlefield
27%
Roberts Miami
27%
Montague Montague
27%
Palo Pinto Palo Pinto
27%
Garza Post
27%
Fort Bend Richmond
27%
Coke Robert Lee
27%
Edwards Rocksprings
27%
Kenedy Sarita
27%
Baylor Seymour
27%
Martin Stanton
27%
Collingsworth Wellington
27%
Knox Benjamin
24%
Kendall Boerne
24%
Fannin Bonham
24%
Hartley Channing
24%
Red River Clarksville
24%
Armstrong Claude
24%
Johnson Cleburne
24%
Delta Cooper
24%
Brooks Falfurrias
24%
Robertson Franklin
24%
Borden Gail
24%
Coryell Gatesville
24%
Young Graham
24%
Clay Henrietta
24%
Kimble Junction
24%
Fayette La Grange
24%
Concho Paint Rock
24%
Carson Panhandle
24%
Starr Rio Grande City
24%
Guadalupe Seguin
24%
Hudspeth Sierra Blanca
24%
Lynn Tahoka
24%
Wheeler Wheeler
24%
Reagan Big Lake
21%
Kinney Brackettville
21%
Leon Centerville
21%
Mooris Daingerfield
21%
Jackson Edna
21%
Live Oak George West
21%
Limestone Groesbeck
21%
Jack Jacksboro
21%
Hockley Levelland
21%
Falls Marlin
21%
Cochran Morton
21%
Gray Pampa
21%
Sutton Sonora
21%
Sterling Sterling City
21%
Nolan Sweetwater
21%
Oldham Vega
21%
Wilbarger Vernon
21%
Stonewall Aspermont
18%
Callahan Baird
18%
Dimmit Carrizo Springs
18%
Panola Carthage
18%
Donley Clarendon
18%
Colorado Columbus
18%
Wise Decatur
18%
Schleicher Eldorado
18%
Rains Emory
18%
Lee Giddings
18%
Somervell Glen Rose
18%
Haskell Haskell
18%
Jim Hogg Hebbronville
18%
Kent Jayton
18%
Motley Matador
18%
Irion Mertzon
18%
Franklin Mount Vernon
18%
Cottle Paducah
18%
Hardeman Quanah
18%
Wood Quitman
18%
Terrell Sanderson
18%
Gaines Seminole
18%
Briscoe Silverton
18%
Hansford Spearman
18%
Sherman Stratford
18%
McMullen Tilden
18%
Shackelford Albany
15%
Jones Anson
15%
Runnels Ballinger
15%
Washington Brenham
15%
Terry Brownfield
15%
Van Zandt Canton
15%
Zavala Crystal City
15%
Jeff Davis Fort Davis
15%
Glasscock Garden City
15%
Upshur Gilmer
15%
Lavaca Hallettsville
15%
Polk Livingston
15%
Hall Memphis
15%
Hale Plainview
15%
Willacy Raymondville
15%
Fisher Roby
15%
Duval San Diego
15%
San Patricio Sinton
15%
Scurry Snyder
15%
Tyler Woodville
15%
San Jacinto Coldspring
12%
Freestone Fairfield
12%
Hood Granbury
12%
Ward Monahans
12%
Hutchinson Stinnett
12%
Stephens Breckenridge
9%
Wilson Floresville
9%
Trinity Groveton
9%
Waller Hempstead
9%
Hardin Kountze
9%
Frio Pearsall
9%
Yoakum Plains
9%
Foard Crowell
6%
Parmer Farwell
6%
Real Leakey
6%
Upton Rankin
6%
Swisher Tulia
6%
No matching quizzes found
Score Distribution
Percent of People with Each Score
Percentile by Number Answered
Your Score History
You have not taken this quiz